00717nam a2200157Ia 450000500170000000800410001708200160005824500780007425000090015226000340016130000170019550002300021294200060044295200960044899900150054420240516014431.0240331s9999 xx 000 0 und d bCOOa332.71 4aThe co-operative system and rural credit in Sri LankacMarga Publications a1 st aColombobSwastika Pressc1974 av, 174 p .,  aThis study seeks to survey the credit needs of farmers principally the paddy cultivators the schemes organized by the state to meet theses needs, through the co - operative system, and the uses and benefits accruing from them cL 001040708LaWERCLbWERCLcSSCd2024-03-31l0o 332.71 COOp98r2024-03-31w2024-03-31yL c2678d2678